| 000 | 00370nam a2200145Ia 4500 | ||
|---|---|---|---|
| 005 | 20251222152655.0 | ||
| 008 | 251222s9999||||xx |||||||||||||| ||spa|| | ||
| 020 | _a9788496812161 | ||
| 082 | _a800/C26/T.30 | ||
| 100 | _aCañelles López, Isabel | ||
| 245 | 0 | _aLos Cuentos de Amor ya no se Llevan | |
| 250 | _a1ra. ed. | ||
| 264 | _bAlcalá - Narrativa | ||
| 942 | _cLIB | ||
| 999 |
_c28618 _d28618 |
||